000 00423nam a2200181Ia 4500
001 12185
005 20260306162923.0
008 260306t2025||||xx |||||||||||||| ||spa||
041 _aESP
082 _aHR 346.2
_bT. 11 FEB 2025 GF
110 _aGaceta Jurídica
245 0 _aGaceta de familia
260 _c2025
300 _a168 páginas :
_c25 cm.
650 _aGEN
654 _aCDE
942 _cREV
_dJUS
_fJUS
_2ddc
_n
999 _c12185
_d12185